Procurement and supply chain management / (Record no. 4468)

000 -LEADER
fixed length control field 02778cam a22003618i 4500
001 - CONTROL NUMBER
control field 21303018
003 - CONTROL NUMBER IDENTIFIER
control field OSt
005 - DATE AND TIME OF LATEST TRANSACTION
control field 20260330103611.0
008 - FIXED-LENGTH DATA ELEMENTS--GENERAL INFORMATION
fixed length control field 191122s2020 nju b 001 0 eng
010 ## - LIBRARY OF CONGRESS CONTROL NUMBER
LC control number 2019051789
020 ## - INTERNATIONAL STANDARD BOOK NUMBER
International Standard Book Number 9781292317915
Qualifying information (paperback)
020 ## - INTERNATIONAL STANDARD BOOK NUMBER
Cancelled/invalid ISBN 9781292317939
Qualifying information (pdf)
020 ## - INTERNATIONAL STANDARD BOOK NUMBER
Cancelled/invalid ISBN 9781292317953
Qualifying information (epub)
035 ## - SYSTEM CONTROL NUMBER
System control number 21303018
040 ## - CATALOGING SOURCE
Original cataloging agency DLC
Language of cataloging eng
Description conventions rda
Transcribing agency DLC
042 ## - AUTHENTICATION CODE
Authentication code pcc
050 00 - LIBRARY OF CONGRESS CALL NUMBER
Classification number HF5437.L97 2020
082 00 - DEWEY DECIMAL CLASSIFICATION NUMBER
Classification number 658.7/2
Edition number 23
100 1# - MAIN ENTRY--PERSONAL NAME
Personal name Lysons, Kenneth,
Relator term author.
245 10 - TITLE STATEMENT
Title Procurement and supply chain management /
Statement of responsibility, etc Kenneth Lysons, MA, MEd, PhD, Dipl.PA, Ac.Dip.Ed., DMS, FCIS, FCIPS, FInst M, MILT, Brian Farrington, BSc(Econ), MSc, PhD, FCIPS .
250 ## - EDITION STATEMENT
Edition statement Tenth Edition.
263 ## - PROJECTED PUBLICATION DATE
Projected publication date 2002
300 ## - PHYSICAL DESCRIPTION
Extent pages cm
500 ## - GENERAL NOTE
General note Revised edition of the authors' Procurement and supply chain management, 2016.
504 ## - BIBLIOGRAPHY, ETC. NOTE
Bibliography, etc Includes bibliographical references and index.
520 ## - SUMMARY, ETC.
Summary, etc "Dr Brian Farrington is the author of the tenth edition of this acclaimed book. The output of any book is influenced by many sources, including: - professional feedback from lecturers at Universities and Colleges; their views are invaluable - the Chartered Institute of Procurement and Supply's education syllabus and the Institute's continual quest to enhance standards - legal challenges to procurement decisions - emphasis on environmental and socially responsible procurement - feedback from learners and practitioners - the author's international consultancy experience - the recognition that a procurement specialist has to exercise the highest moral and ethical standards and that some fall short - the challenge presented by cyber security. There are two new chapters, thanks to the foresight of Pearson. Public Sector Procurement is a new chapter, recognising the public sector's impact on the global economy. Public accountability means that scrutiny of decisions is far more open than the private sector. Sustainability & Socially Responsible Procurement is a new chapter, recognising that this is a highly challenging global issue wherein procurement has great influence. More initiatives are necessary. There has been a serious recasting of much of the content. There is an unrivalled opportunity for procurement specialists to manage risk, finance and corporate performance. The author seeks to instil in all procurement specialists the fact that effective and innovative procurement pays a significant part in the management of economies and corporate performance. A01"--
650 #0 - SUBJECT ADDED ENTRY--TOPICAL TERM
Topical term or geographic name as entry element Purchasing.
650 #0 - SUBJECT ADDED ENTRY--TOPICAL TERM
Topical term or geographic name as entry element Business logistics.
700 1# - ADDED ENTRY--PERSONAL NAME
Personal name Farrington, Brian,
Relator term author.
906 ## - LOCAL DATA ELEMENT F, LDF (RLIN)
a 7
b cbc
c orignew
d 1
e ecip
f 20
g y-gencatlg
942 ## - ADDED ENTRY ELEMENTS (KOHA)
Source of classification or shelving scheme
Koha item type Book
Holdings
Withdrawn status Lost status Source of classification or shelving scheme Damaged status Not for loan Home library Current library Date acquired Total Checkouts Full call number Barcode Date last seen Copy number Price effective from Koha item type
          Riara University Library Riara University Library 30/03/2026   HF5437.L97 2020 10870/26 30/03/2026 C.1 30/03/2026 Book
          Riara University Library Riara University Library 30/03/2026   HF5437.L97 2020 10871/26 30/03/2026 C.2 30/03/2026 Book
          Riara University Library Riara University Library 30/03/2026   HF5437.L97 2020 10872/26 30/03/2026 C.3 30/03/2026 Book
          Riara University Library Riara University Library 30/03/2026   HF5437.L97 2020 10873/26 30/03/2026 C.4 30/03/2026 Book

Riara University Library,
P.O. Box 49940-00100,
Nairobi, Kenya.